ARRUPE JESUIT UNIVERSITY

CORONAVIRUS -STOP THE SPREAD - CLEAN,DISINFECT,COVER
Normal view MARC view

Entry Topical Term

Number of records used in: 1

001 - CONTROL NUMBER

  • control field: 15612

003 - CONTROL NUMBER IDENTIFIER

  • control field: ARRUPE

005 - DATE AND TIME OF LATEST TRANSACTION

  • control field: 20150226182250.0

008 - FIXED-LENGTH DATA ELEMENTS

  • fixed length control field: 150226|| aca||aabn | a|a d

040 ## - CATALOGING SOURCE

  • Original cataloging agency: ARRUPE
  • Transcribing agency: ARRUPE

150 ## - HEADING--TOPICAL TERM

  • Topical term or geographic name as entry element: Church and state
  • Geographic subdivision: Germany
  • General subdivision: History
  • Chronological subdivision: 1933-1945.

670 ## - SOURCE DATA FOUND

  • Source citation: Work cat.: (ARRUPE)0: Cochrane, Arthur C. 15610, The church's confession under Hitler /, 1976.

 

Arrupe Library. PO Box MP320 Mt Pleasant, Harare, Zimbabwe
263 242 745411|librarian@aju.ac.zw